| 000 | 00565nam a2200205Ia 4500 | ||
|---|---|---|---|
| 003 | STCL | ||
| 008 | 230726s9999 xx 000 0 und d | ||
| 020 | _a9789351381969 | ||
| 040 |
_aSTCL _cSTCL _bEN |
||
| 082 | _222 | ||
| 100 | _aLegouis, Emile | ||
| 245 | 0 | _aHistory of English literature | |
| 246 | _aHistory of English literature: historie de la litterature anglaise | ||
| 260 |
_bTrinity Press _aBengaluru _c2017 |
||
| 300 | _a1488 p | ||
| 365 | _b795 | ||
| 546 | _aEnglish | ||
| 700 | _aCazamian, Louis; Vergnas, Raymond Las | ||
| 942 |
_2DDC _e22 _cBKDDC |
||
| 999 |
_c89436 _d89436 |
||